Practical skill in biology

Đã lưu trong:
書目詳細資料
主要作者: ALLANS JONES
格式: 圖書
語言:Undetermined
出版: Edinburgh Gate, England Addison Wesley Longman 1998
主題:
標簽: 添加標簽
沒有標簽, 成為第一個標記此記錄!
Thư viện lưu trữ: Trung tâm Học liệu Trường Đại học Cần Thơ
LEADER 00528nam a2200193Ia 4500
001 CTU_48898
008 210402s9999 xx 000 0 und d
082 |a 570.72 
082 |b J76 
100 |a ALLANS JONES 
245 0 |a Practical skill in biology 
245 0 |c ALLANS JONES, Rob Reed, jonathan Weyers 
260 |a Edinburgh Gate, England 
260 |b Addison Wesley Longman 
260 |c 1998 
650 |a biology 
650 |x experiments 
904 |i Minh 
980 |a Trung tâm Học liệu Trường Đại học Cần Thơ